MacGillivray & Parkington on insurance law relating to all risks other than marine. (Record no. 542)

MARC details
000 -LEADER
fixed length control field 01366nam a2200349 a 4500
001 - CONTROL NUMBER
control field 1042472
003 - CONTROL NUMBER IDENTIFIER
control field OSt
005 - DATE AND TIME OF LATEST TRANSACTION
control field 20110426085758.0
008 - FIXED-LENGTH DATA ELEMENTS--GENERAL INFORMATION
fixed length control field 890522s1988 enk b 001 0 eng
010 ## - LIBRARY OF CONGRESS CONTROL NUMBER
LC control number 89144245
020 ## - INTERNATIONAL STANDARD BOOK NUMBER
International Standard Book Number 0421354801
040 ## - CATALOGING SOURCE
Original cataloging agency DLC
Transcribing agency DLC
Modifying agency DLC
043 ## - GEOGRAPHIC AREA CODE
Geographic area code e-uk---
050 00 - LIBRARY OF CONGRESS CALL NUMBER
Classification number KD1859
Item number .M25 1988
082 00 - DEWEY DECIMAL CLASSIFICATION NUMBER
Classification number 346.42086 MAC
-- 344.20686
Edition number 20
100 1# - MAIN ENTRY--PERSONAL NAME
Personal name MacGillivray, Evan James,
Dates associated with a name b. 1873.
9 (RLIN) 1581
245 10 - TITLE STATEMENT
Title MacGillivray & Parkington on insurance law relating to all risks other than marine.
250 ## - EDITION STATEMENT
Edition statement 8th ed. /
Remainder of edition statement general editor, Michael Parkington ... [et al.].
260 ## - PUBLICATION, DISTRIBUTION, ETC. (IMPRINT)
Place of publication, distribution, etc London :
Name of publisher, distributor, etc Sweet & Maxwell,
Date of publication, distribution, etc 1988.
300 ## - PHYSICAL DESCRIPTION
Extent cxli, 1014 p. ;
Dimensions 26 cm.
440 #0 - SERIES STATEMENT/ADDED ENTRY--TITLE
Title Insurance practitioners library
9 (RLIN) 1577
500 ## - GENERAL NOTE
General note Errata slips inserted.
504 ## - BIBLIOGRAPHY, ETC. NOTE
Bibliography, etc Includes bibliographical references.
650 #0 - SUBJECT ADDED ENTRY--TOPICAL TERM
Topical term or geographic name as entry element Insurance law
Geographic subdivision Great Britain.
9 (RLIN) 1582
700 1# - ADDED ENTRY--PERSONAL NAME
Personal name Parkington, Michael.
9 (RLIN) 1583
740 0# - ADDED ENTRY--UNCONTROLLED RELATED/ANALYTICAL TITLE
Uncontrolled related/analytical title MacGillivray and Parkington on insurance law relating to all risks other than marine.
740 0# - ADDED ENTRY--UNCONTROLLED RELATED/ANALYTICAL TITLE
Uncontrolled related/analytical title Insurance law relating to all risks other than marine.
906 ## - LOCAL DATA ELEMENT F, LDF (RLIN)
a 7
b cbc
c orignew
d 2
e ncip
f 19
g y-gencatlg
942 ## - ADDED ENTRY ELEMENTS (KOHA)
Source of classification or shelving scheme Dewey Decimal Classification
Koha item type Books
Holdings
Withdrawn status Lost status Source of classification or shelving scheme Damaged status Not for loan Home library Current library Shelving location Date acquired Total Checkouts Full call number Barcode Date last seen Price effective from Koha item type
    Dewey Decimal Classification     Law Development Centre Main Library Law Development Centre Main Library Text Books and Laws 04/26/2011   346.42086 MAC 11309 04/26/2011 04/26/2011 Books